000 00202 a2200097 4500
001 3882
100 _aHanson, J.L
245 _aEconomics for students
260 _a
_bMacdonald
_c
090 _c3112
_d3112
942 _aNUST-CAE
_cM
_c23470
999 _c238955
_d238955